Loading...
| Auditory Arts | 2 | 20.00 | 100% | 50% | 50% |
| Beliefs | 5 | 18.00 | 100% | 80% | 0% |
| Current Events | 4 | 17.50 | 75% | 50% | 50% |
| Fine Arts - Other Arts | 1 | 20.00 | 100% | 100% | 0% |
| Geography | 1 | 0.00 | 0% | 0% | 0% |
| History - American History | 3 | 16.67 | 100% | 67% | 0% |
| History - Ancient History | 2 | 20.00 | 100% | 50% | 50% |
| History - European History | 2 | 15.00 | 50% | 50% | 50% |
| History - Other History | 1 | 10.00 | 100% | 0% | 0% |
| History - World History | 5 | 16.00 | 100% | 40% | 20% |
| Literature - American Literature | 4 | 20.00 | 100% | 50% | 50% |
| Literature - British Literature | 3 | 26.67 | 100% | 100% | 67% |
| Literature - European Literature | 2 | 20.00 | 100% | 100% | 0% |
| Literature - World Literature | 1 | 30.00 | 100% | 100% | 100% |
| Philosophy | 4 | 10.00 | 75% | 25% | 0% |
| Science - Biology | 3 | 20.00 | 100% | 100% | 0% |
| Science - Chemistry | 5 | 16.00 | 100% | 40% | 20% |
| Science - Other Science | 4 | 12.50 | 75% | 0% | 50% |
| Science - Physics | 4 | 10.00 | 100% | 0% | 0% |
| Social Science | 3 | 10.00 | 67% | 33% | 0% |
| Visual Arts | 4 | 17.50 | 75% | 25% | 75% |